[Event "Autunno Scacchistico A"]
[Site "Venezia ITA"]
[Date "2009.11.01"]
[Round "4"]
[White "Barletta, Mauro"]
[Black "Xia, Jie"]
[Result "0-1"]
[WhiteElo "2212"]
[BlackElo "2241"]
[PlyCount "90"]
[EventDate "2009.10.30"]

1. e4 c5 2. c3 d6 3. d4 cxd4 4. cxd4 Nf6 5. Nc3 g6 6. Be2 Bg7 7. g4 O-O 8. g5
Nfd7 9. Be3 a6 10. h4 b5 11. h5 Nb6 12. hxg6 hxg6 13. b3 Bb7 14. Bf3 N8d7 15.
Rc1 Rc8 16. Nge2 b4 17. Nd5 Nxd5 18. Rxc8 Qxc8 19. exd5 Nb6 20. Nf4 Qa8 21. Be4
Bxd5 22. Nxd5 Nxd5 23. Qf3 e6 24. Qh3 Re8 25. Qh7+ Kf8 26. Rh3 Qc8 27. Bxg6 e5
28. dxe5 Rxe5 29. Qh8+ Bxh8 30. Rxh8+ Ke7 31. Rxc8 fxg6 32. Rc4 Nxe3 33. fxe3
a5 34. Kf2 Rxg5 35. Rc7+ Ke6 36. Ra7 Rc5 37. Kf3 Kd5 38. Rg7 Rc2 39. Rxg6 Rxa2
40. e4+ Kc5 41. Rg5+ Kc6 42. Rd5 Ra3 43. Ke2 Rxb3 44. Rxa5 Rh3 45. e5 Ra3 0-1

[Event "Autunno Scacchistico A"]
[Site "Venezia ITA"]
[Date "2009.11.01"]
[Round "4"]
[White "Bianchi, Andrea"]
[Black "Trangoni, Bruno"]
[Result "1-0"]
[WhiteElo "2152"]
[BlackElo "2015"]
[PlyCount "47"]
[EventDate "2009.10.30"]

1. e4 g6 2. d4 Bg7 3. Nc3 d6 4. Nf3 a6 5. a4 Nf6 6. Be2 O-O 7. O-O Nbd7 8. h3
c5 9. Re1 cxd4 10. Nxd4 Nc5 11. Bf3 Ne8 12. Ra3 Nc7 13. Be3 h6 14. Qd2 Kh7 15.
a5 Bd7 16. b4 N5e6 17. Nxe6 Nxe6 18. Bb6 Qc8 19. Nd5 Ng5 20. Nxe7 Nxf3+ 21.
Rxf3 Qb8 22. e5 d5 23. Nxd5 Bxe5 24. Rxe5 1-0

[Event "Autunno Scacchistico A"]
[Site "Venezia ITA"]
[Date "2009.11.01"]
[Round "4"]
[White "Dinter, Brian"]
[Black "Molina, Fabrizio"]
[Result "1/2-1/2"]
[WhiteElo "2118"]
[BlackElo "2239"]
[PlyCount "111"]
[EventDate "2009.10.30"]

1. d4 d5 2. Nf3 Nf6 3. Bf4 g6 4. h3 Bg7 5. e3 O-O 6. Be2 c5 7. c3 Re8 8. O-O
Nc6 9. Nbd2 Nd7 10. Qc2 e5 11. dxe5 Ndxe5 12. Nxe5 Nxe5 13. Nf3 Qb6 14. Rfd1
Bf5 15. Qb3 Nc4 16. Bxc4 dxc4 17. Qxb6 axb6 18. Rd6 Be4 19. Nd2 Bc6 20. Nxc4
Ra6 21. Rd2 b5 22. Nd6 Rea8 23. a3 b4 24. cxb4 cxb4 25. Rb1 bxa3 26. bxa3 Rxa3
27. Kh2 Ra1 28. Rxa1 Bxa1 29. e4 Kg7 30. f3 Ra4 31. Rd1 Bc3 32. Rb1 Rb4 33. Rc1
Bb2 34. Rc2 f6 35. Nc4 Bd4 36. Na5 g5 37. Bd6 Rb2 38. Rc4 Rd2 39. Nxc6 bxc6 40.
Rxc6 Be3 41. Rc7+ Kg6 42. Bg3 Rd1 43. h4 gxh4 44. Bxh4 Bf4+ 45. Bg3 Bxc7 46.
Bxc7 Rc1 47. Bf4 Rc2 48. Kh3 Re2 49. g4 h5 50. gxh5+ Kxh5 51. Kg3 Kg6 52. Kh3
Kf7 53. Kg3 Ke6 54. Bb8 Ra2 55. Kg4 Rg2+ 56. Bg3 1/2-1/2

[Event "Autunno Scacchistico A"]
[Site "Venezia ITA"]
[Date "2009.11.01"]
[Round "4"]
[White "Giuriati, Paolo"]
[Black "Gerola, Fausto"]
[Result "0-1"]
[WhiteElo "2224"]
[BlackElo "2174"]
[PlyCount "62"]
[EventDate "2009.10.30"]

1. d4 d5 2. Bf4 Nf6 3. e3 e6 4. Nf3 Be7 5. h3 Nbd7 6. Bd3 O-O 7. Nbd2 c5 8. c3
b6 9. Ne5 Nxe5 10. dxe5 Nd7 11. Qh5 g6 12. Qg4 f5 13. Qg3 Bh4 14. Qh2 Bg5 15.
Bxg5 Qxg5 16. f4 Qe7 17. g4 Qh4+ 18. Kd1 Bb7 19. gxf5 gxf5 20. Nf3 Qe7 21. Qe2
h6 22. Rg1+ Kh8 23. Rg6 Kh7 24. Rg3 Qf7 25. Rg4 c4 26. Bc2 Qe7 27. Rh4 Rg8 28.
Ng5+ Kg7 29. Nf3 d4 30. e4 d3 31. Qg2+ Kf8 0-1

[Event "Autunno Scacchistico A"]
[Site "Venezia ITA"]
[Date "2009.11.01"]
[Round "4"]
[White "Golubovic, Boris"]
[Black "Capaliku, Aleks"]
[Result "1-0"]
[WhiteElo "2381"]
[BlackElo "2084"]
[PlyCount "45"]
[EventDate "2009.10.30"]

1. c4 f5 2. g3 Nf6 3. Nc3 e6 4. Bg2 d5 5. d4 c6 6. Nh3 Bd6 7. Bf4 O-O 8. O-O
Ne4 9. Qc2 Bxf4 10. Nxf4 Qe7 11. Nxe4 dxe4 12. f3 e5 13. dxe5 exf3 14. exf3
Qxe5 15. c5 Na6 16. Qc4+ Kh8 17. b4 Nc7 18. Rfe1 Qf6 19. Rad1 g5 20. Nh5 Be6
21. Rxe6 Qf7 22. Qc3+ Kg8 23. Nf6+ 1-0

[Event "Autunno Scacchistico A"]
[Site "Venezia ITA"]
[Date "2009.11.01"]
[Round "4"]
[White "Gromovs, Sergejs"]
[Black "Vuelban, Virgilio"]
[Result "0-1"]
[WhiteElo "2268"]
[BlackElo "2405"]
[PlyCount "70"]
[EventDate "2009.10.30"]

1. d4 Nf6 2. c4 g6 3. Nc3 Bg7 4. e4 d6 5. Bd3 O-O 6. Nge2 e5 7. d5 c6 8. O-O
cxd5 9. cxd5 Nbd7 10. Ng3 Nc5 11. Be2 a5 12. Be3 Bd7 13. f3 Qb6 14. Rb1 Rfc8
15. Kh1 h5 16. Qc2 Qd8 17. Bb5 a4 18. Bg5 Qa5 19. Bxd7 Nfxd7 20. Qd2 b5 21. Bh6
b4 22. Bxg7 Kxg7 23. Nd1 h4 24. Ne2 b3 25. Qg5 a3 26. bxa3 bxa2 27. Ra1 Qxa3
28. Nec3 Qb3 29. Qxh4 Nd3 30. Qe7 Rxc3 31. Nxc3 Qxc3 32. Qxd7 Nf2+ 33. Kg1 Qd4
34. h3 Nd1+ 35. Kh2 Qxa1 0-1

[Event "Autunno Scacchistico A"]
[Site "Venezia ITA"]
[Date "2009.11.01"]
[Round "4"]
[White "Locci, Damiano"]
[Black "Sgnaolin, Davide"]
[Result "0-1"]
[WhiteElo "2136"]
[BlackElo "2213"]
[PlyCount "98"]
[EventDate "2009.10.30"]

1. c4 Nf6 2. Nc3 c5 3. Nf3 Nc6 4. d4 cxd4 5. Nxd4 g6 6. e4 Bg7 7. Be3 Ng4 8.
Qxg4 Nxd4 9. Qd1 Ne6 10. Qd2 Qa5 11. Bd3 b6 12. O-O Bb7 13. Bc2 Bxc3 14. bxc3
Rc8 15. Rad1 d6 16. e5 Qxe5 17. f4 Qg7 18. f5 gxf5 19. Ba4+ Bc6 20. Bxc6+ Rxc6
21. Qd5 Kd7 22. c5 Qxc3 23. Rd3 Rxc5 24. Qb7+ Rc7 25. Qd5 Qc4 26. Qxf5 Qxa2 27.
Qb5+ Kc8 28. Rd2 Qc4 29. Qf5 Kb8 30. Rb1 Nc5 31. Rdb2 Qe6 32. Qf3 Qe4 33. Qe2
f5 34. Rb4 Qc6 35. Qb2 Rg8 36. Qa2 Rg4 37. Rxg4 fxg4 38. Qg8+ Kb7 39. Qxg4 Qe4
40. Qxe4+ Nxe4 41. g4 Nc3 42. Rb3 Nd5 43. Bf2 a5 44. h3 a4 45. Rb5 e6 46. Kg2
Ka6 47. Rb2 b5 48. h4 a3 49. Ra2 b4 0-1

[Event "Autunno Scacchistico A"]
[Site "Venezia ITA"]
[Date "2009.11.01"]
[Round "4"]
[White "Mileto, Gabriele"]
[Black "Spornberger, Maximilian"]
[Result "1-0"]
[WhiteElo "2192"]
[BlackElo "2106"]
[PlyCount "67"]
[EventDate "2009.10.30"]

1. c4 g6 2. d4 Bg7 3. e4 d6 4. Nc3 a6 5. Be3 Nf6 6. f3 O-O 7. Qd2 Nc6 8. Nge2
Rb8 9. h4 h5 10. Nc1 e5 11. d5 Nd4 12. Nb3 c5 13. dxc6 Nxb3 14. axb3 bxc6 15.
Ra3 Bb7 16. Be2 d5 17. exd5 cxd5 18. cxd5 Nxd5 19. Nxd5 Bxd5 20. O-O Rxb3 21.
Rd1 Qxh4 22. Qxd5 Rxb2 23. Ra2 Rbb8 24. Rxa6 Rfd8 25. Rd6 Bf6 26. Bf2 Qg5 27.
Bc4 Rf8 28. Rd7 Be7 29. Re1 Rb4 30. Rc7 Qf6 31. Rc6 Qf4 32. Rxg6+ Kh7 33. Rc6
f5 34. Rc7 1-0

[Event "Autunno Scacchistico A"]
[Site "Venezia ITA"]
[Date "2009.11.01"]
[Round "4"]
[White "Pagnutti, Lorenzo"]
[Black "Redo, Giorgio"]
[Result "1-0"]
[WhiteElo "2107"]
[BlackElo "2126"]
[PlyCount "129"]
[EventDate "2009.10.30"]

1. e4 c5 2. c3 d5 3. exd5 Qxd5 4. d4 Nc6 5. Nf3 Bg4 6. Be2 e5 7. c4 Qd6 8. d5
Bxf3 9. Bxf3 Nd4 10. Nc3 f5 11. Qa4+ Qd7 12. Bd1 Nf6 13. O-O Bd6 14. Qxd7+ Kxd7
15. Ba4+ Kc7 16. Bd2 a6 17. Bd1 b5 18. b3 e4 19. Ne2 b4 20. Rc1 Be5 21. Nxd4
Bxd4 22. Bf4+ Kd7 23. Bg5 Kd6 24. g3 h6 25. Bxf6 gxf6 26. Kh1 h5 27. Rc2 h4 28.
g4 f4 29. Re2 Rae8 30. Bc2 Re5 31. Rxe4 Rxe4 32. Bxe4 h3 33. Bf5 f3 34. Kg1 Re8
35. Be6 Ke5 36. Re1+ Kd6 37. Re4 a5 38. Rf4 a4 39. Rxf3 axb3 40. axb3 Rh8 41.
Bf7 f5 42. g5 Rh4 43. g6 f4 44. Be6 Rh5 45. Bxh3 Rg5+ 46. Kf1 Ke5 47. Be6 Rxg6
48. Rh3 Ke4 49. Bf7 Ra6 50. Kg2 Ra2 51. Rf3 Ra7 52. Bg6+ Ke5 53. h4 Kf6 54. Bc2
Rg7+ 55. Kh3 Ke5 56. h5 Rg1 57. Kh2 Rg4 58. h6 Kf6 59. h7 Kg5 60. d6 Be5 61. d7
Rh4+ 62. Kg2 Bc7 63. Rh3 f3+ 64. Rxf3 Rh2+ 65. Kg1 1-0

[Event "Autunno Scacchistico A"]
[Site "Venezia ITA"]
[Date "2009.11.01"]
[Round "4"]
[White "Salvador, Roland"]
[Black "Sanchez, Joseph"]
[Result "1/2-1/2"]
[WhiteElo "2461"]
[BlackElo "2463"]
[PlyCount "24"]
[EventDate "2009.10.30"]

1. c4 c5 2. Nc3 Nc6 3. Nf3 g6 4. g3 Bg7 5. Bg2 d6 6. O-O e5 7. d3 Nge7 8. e4 h6
9. Be3 Be6 10. Nd5 Rc8 11. Rc1 Qd7 12. a3 Nd4 1/2-1/2

[Event "Autunno Scacchistico A"]
[Site "Venezia ITA"]
[Date "2009.11.01"]
[Round "4"]
[White "Solinas, Carlo"]
[Black "Maccapan, Fabio"]
[Result "1-0"]
[WhiteElo "2045"]
[BlackElo "2052"]
[PlyCount "55"]
[EventDate "2009.10.30"]

1. e4 e6 2. d4 d5 3. Nc3 Nf6 4. e5 Nfd7 5. Qh5 c5 6. Nf3 Nc6 7. Ng5 g6 8. Qf3
Qe7 9. Nb5 Nxd4 10. Nd6+ Kd8 11. Ngxf7+ Kc7 12. Qc3 Nxe5 13. Qxc5+ Nec6 14. Bf4
e5 15. Nxe5 Bg7 16. O-O-O Bxe5 17. Nb5+ Nxb5 18. Qxe7+ Nxe7 19. Bxe5+ Kc6 20.
Bxb5+ Kxb5 21. Bxh8 Bg4 22. Rde1 Nc6 23. Bc3 Rc8 24. f3 Bd7 25. Rd1 Kc4 26.
Rhe1 h5 27. Bf6 Bf5 28. b3+ 1-0

[Event "Autunno Scacchistico A"]
[Site "Venezia ITA"]
[Date "2009.11.01"]
[Round "4"]
[White "Tonel, Giulia"]
[Black "Ceccarini, Marco"]
[Result "1-0"]
[WhiteElo "1992"]
[BlackElo "2087"]
[PlyCount "75"]
[EventDate "2009.10.30"]

1. e4 g6 2. d4 Bg7 3. c4 d6 4. Nc3 Nc6 5. Be3 e5 6. d5 Nce7 7. Bd3 f5 8. f3 Nf6
9. Nge2 O-O 10. Qd2 f4 11. Bf2 g5 12. h3 Ng6 13. c5 Rf7 14. Nb5 a6 15. Na3 dxc5
16. Bxc5 Bf8 17. Qc3 Bxc5 18. Qxc5 Ne8 19. b4 Nd6 20. Nc2 h5 21. a4 Nh4 22. Kf2
g4 23. hxg4 hxg4 24. Qc3 Qg5 25. Rag1 Rg7 26. Na3 b5 27. axb5 axb5 28. Nxb5 Qh5
29. Nxd6 cxd6 30. Qc6 Bb7 31. Qxd6 Rf8 32. Qe6+ Rff7 33. Qe8+ Kh7 34. Nd4 Rg8
35. Qe6 Bc8 36. fxg4 Rxg4 37. Qxc8 Rfg7 38. Qf5+ 1-0

[Event "Autunno Scacchistico A"]
[Site "Venezia ITA"]
[Date "2009.11.01"]
[Round "4"]
[White "Vianello, Enrico"]
[Black "Quaranta, Cristiano"]
[Result "1/2-1/2"]
[WhiteElo "2200"]
[BlackElo "2127"]
[PlyCount "131"]
[EventDate "2009.10.30"]

1. Nf3 d5 2. d4 Nf6 3. c4 c6 4. Qc2 dxc4 5. Qxc4 Bg4 6. Nbd2 Nbd7 7. g3 Qc7 8.
Bg2 Rd8 9. O-O e5 10. b4 exd4 11. Qxd4 Nb6 12. Qb2 Be7 13. h3 Bxf3 14. Nxf3 O-O
15. a3 Nfd5 16. e4 Bf6 17. e5 Nc4 18. Qc2 Nxe5 19. Bb2 Nxf3+ 20. Bxf3 Bxb2 21.
Qxb2 a6 22. Rac1 Qd7 23. Bg2 Rfe8 24. Rc2 Qf5 25. Rfc1 h5 26. h4 Re7 27. a4
Rde8 28. Qb1 Nf6 29. b5 axb5 30. axb5 Re1+ 31. Rxe1 Rxe1+ 32. Qxe1 Qxc2 33. b6
Qb3 34. Qa5 Qb1+ 35. Bf1 Kh7 36. Qa7 Qf5 37. Qa3 g6 38. Bd3 Qe6 39. Qc5 Kg7 40.
Qc3 Qd6 41. Bc4 Qc5 42. Qb3 Ng4 43. Qb2+ f6 44. Bf1 Ne5 45. Ba6 bxa6 46. b7 Nd7
47. b8=R Nxb8 48. Qb7+ Kg8 49. Qxb8+ Qf8 50. Qb7 Qd6 51. Qxa6 Kf7 52. Qb7+ Ke6
53. Qc8+ Qd7 54. Qg8+ Kf5 55. Qc4 Qd1+ 56. Kh2 Qf3 57. Qc2+ Qe4 58. Qc5+ Ke6
59. Qf8 Qd5 60. Qe8+ Kf5 61. Qc8+ Qe6 62. Qc7 g5 63. hxg5 fxg5 64. Qh7+ Kg4 65.
Qd3 Qd5 66. Qe2+ 1/2-1/2

[Event "Autunno Scacchistico A"]
[Site "Venezia ITA"]
[Date "2009.11.01"]
[Round "4"]
[White "Vincenzi, Marco"]
[Black "Pechy, Alaster"]
[Result "0-1"]
[WhiteElo "2078"]
[BlackElo "2186"]
[PlyCount "48"]
[EventDate "2009.10.30"]

1. e4 c5 2. Nf3 d6 3. d4 cxd4 4. Nxd4 Nf6 5. Nc3 g6 6. Be3 Bg7 7. f3 O-O 8. Qd2
Nc6 9. Bc4 Bd7 10. O-O-O Qa5 11. h4 Rac8 12. Bb3 Ne5 13. h5 Nxh5 14. g4 Nf6 15.
Bh6 Bxh6 16. Qxh6 Rxc3 17. bxc3 Qxc3 18. Kb1 Rc8 19. Ne2 Qxf3 20. Nf4 Nexg4 21.
Qg5 Rc5 22. Nd5 Nxd5 23. Bxd5 Rb5+ 24. Bb3 Rxg5 0-1

[Event "Autunno Scacchistico A"]
[Site "Venezia ITA"]
[Date "2009.11.01"]
[Round "4"]
[White "Zoldan, Matteo"]
[Black "Omeri, Silvan"]
[Result "0-1"]
[WhiteElo "2190"]
[BlackElo "2113"]
[PlyCount "58"]
[EventDate "2009.10.30"]

1. e4 Nf6 2. e5 Nd5 3. c4 Nb6 4. d4 d6 5. exd6 cxd6 6. Nc3 g6 7. Be3 Bg7 8. Rc1
O-O 9. b3 Nc6 10. d5 Ne5 11. Be2 a5 12. f4 Ned7 13. Nf3 a4 14. b4 Nf6 15. O-O
Bg4 16. Kh1 a3 17. Qb3 Re8 18. h3 Bd7 19. c5 Na4 20. c6 Nxc3 21. cxd7 Nxe2 22.
dxe8=Q+ Qxe8 23. Rf2 Nxc1 24. Bxc1 Qb5 25. Bxa3 Qxd5 26. Qe3 Ne4 27. Rc2 Ng3+
28. Kg1 Qd1+ 29. Ne1 Bd4 0-1

[Event "Autunno Scacchistico A"]
[Site "Venezia ITA"]
[Date "2009.11.01"]
[Round "5"]
[White "Alberti, Andrea"]
[Black "Tonel, Giulia"]
[Result "1-0"]
[WhiteElo "2133"]
[BlackElo "1992"]
[PlyCount "87"]
[EventDate "2009.10.30"]

1. d4 Nf6 2. c4 g6 3. Nc3 Bg7 4. e4 d6 5. Nf3 O-O 6. h3 e5 7. d5 a5 8. Be2 Na6
9. g4 Nc5 10. Qc2 h5 11. g5 Nfd7 12. Be3 Re8 13. O-O-O Nf8 14. Rdg1 Na6 15. Qd2
Qe7 16. Ne1 Bd7 17. h4 Reb8 18. Nc2 Be8 19. Qd1 Nc5 20. Na3 Ra6 21. Rh2 Rb6 22.
Nab5 Bxb5 23. cxb5 Nfd7 24. a4 Nf8 25. Kc2 c6 26. b3 Rc8 27. Kb2 cxb5 28. axb5
Qc7 29. Qd2 Qd7 30. Ra1 Ra8 31. f3 Kh7 32. Rhh1 f6 33. Rhc1 f5 34. Na4 Rxb5 35.
Bxb5 Qxb5 36. Nxc5 dxc5 37. Rxc5 Qd7 38. Rcxa5 Rxa5 39. Rxa5 fxe4 40. fxe4 Qg4
41. Qc2 Qxh4 42. Ra7 Qh3 43. Qf2 Qd7 44. Bc5 1-0

[Event "Autunno Scacchistico A"]
[Site "Venezia ITA"]
[Date "2009.11.01"]
[Round "5"]
[White "Capaliku, Aleks"]
[Black "Mileto, Gabriele"]
[Result "0-1"]
[WhiteElo "2084"]
[BlackElo "2192"]
[PlyCount "66"]
[EventDate "2009.10.30"]

1. f4 g6 2. Nf3 Bg7 3. e3 c5 4. d4 b6 5. Bd3 e6 6. O-O Ne7 7. c3 O-O 8. e4 cxd4
9. cxd4 d5 10. e5 Ba6 11. Nc3 Bxd3 12. Qxd3 Nbc6 13. b3 a6 14. Ba3 b5 15. Bc5
Re8 16. g4 f5 17. exf6 Bxf6 18. Ne2 Qd7 19. Ng3 Kh8 20. Rae1 Nc8 21. f5 gxf5
22. gxf5 Nd6 23. Ne5 Bxe5 24. dxe5 Nf7 25. fxe6 Rxe6 26. Qf5 Nfxe5 27. Rxe5
Nxe5 28. Bd4 Qe7 29. Re1 Re8 30. Nh5 Qh4 31. Bc3 d4 32. Rf1 dxc3 33. Nf4 Rh6
0-1

[Event "Autunno Scacchistico A"]
[Site "Venezia ITA"]
[Date "2009.11.01"]
[Round "5"]
[White "Genocchio, Daniele"]
[Black "Salvador, Roland"]
[Result "1/2-1/2"]
[WhiteElo "2455"]
[BlackElo "2461"]
[PlyCount "57"]
[EventDate "2009.10.30"]

1. e4 c5 2. Nc3 Nc6 3. Nge2 Nd4 4. Nxd4 cxd4 5. Ne2 e5 6. c3 dxc3 7. Nxc3 Bc5
8. Bc4 Nf6 9. d3 h6 10. O-O O-O 11. Kh1 d6 12. f4 Be6 13. Qf3 Bxc4 14. dxc4 Bd4
15. Bd2 Rc8 16. b3 exf4 17. Rad1 Re8 18. Nb5 Be5 19. Bxf4 Bxf4 20. Qxf4 Rxe4
21. Qxd6 Qe7 22. Nxa7 Qxd6 23. Rxd6 Ra8 24. Nb5 Rxa2 25. Rd8+ Kh7 26. Nc3 Rf2
27. Rdd1 Rxf1+ 28. Rxf1 Re3 29. Rc1 1/2-1/2

[Event "Autunno Scacchistico A"]
[Site "Venezia ITA"]
[Date "2009.11.01"]
[Round "5"]
[White "Molina, Fabrizio"]
[Black "Gerola, Fausto"]
[Result "1/2-1/2"]
[WhiteElo "2239"]
[BlackElo "2174"]
[PlyCount "80"]
[EventDate "2009.10.30"]

1. Nf3 d5 2. c4 c6 3. g3 Nf6 4. Bg2 e6 5. O-O Be7 6. d4 Nbd7 7. Qc2 O-O 8. Nbd2
b6 9. e4 dxe4 10. Nxe4 Bb7 11. Rd1 Qc8 12. Bf4 Nxe4 13. Qxe4 Nf6 14. Qe2 Rd8
15. a3 a5 16. Rac1 Qd7 17. Qc2 Rac8 18. Qb3 Nh5 19. Qxb6 Nxf4 20. gxf4 Bd6 21.
Ne5 Qc7 22. Qxc7 Rxc7 23. c5 Be7 24. Nc4 Ra8 25. Nb6 Rd8 26. Nc4 Ra8 27. Rc3 g6
28. Rb3 Ra7 29. Rb6 Bf6 30. Nd6 Kf8 31. Rd2 Ke7 32. Bf3 Bg7 33. Kg2 Ba8 34. Rb8
Bb7 35. Ne8 Bh6 36. Nxc7 Bxf4 37. Re8+ Kd7 38. Rf8 Ke7 39. Re8+ Kd7 40. Rf8 Ke7
1/2-1/2

[Event "Autunno Scacchistico A"]
[Site "Venezia ITA"]
[Date "2009.11.01"]
[Round "5"]
[White "Naumkin, Igor"]
[Black "Golubovic, Boris"]
[Result "1-0"]
[WhiteElo "2450"]
[BlackElo "2381"]
[PlyCount "61"]
[EventDate "2009.10.30"]

1. d4 d5 2. c4 c6 3. Nf3 Nf6 4. Nc3 Qb6 5. e3 Bg4 6. h3 Bxf3 7. Qxf3 e6 8. Bd3
Be7 9. O-O Nbd7 10. Rd1 O-O 11. Qe2 Rfd8 12. Bd2 a5 13. Be1 Qa7 14. a3 Bf8 15.
Rab1 Re8 16. Qc2 g6 17. b4 axb4 18. axb4 dxc4 19. Bxc4 Nb6 20. Bf1 Nbd5 21. b5
Nxc3 22. Qxc3 Nd5 23. Qd3 c5 24. e4 Nb6 25. dxc5 Bxc5 26. Rbc1 Bf8 27. Bc3 Na4
28. Be5 Bg7 29. Bxg7 Kxg7 30. Rc7 Rad8 31. Qf3 1-0

[Event "Autunno Scacchistico A"]
[Site "Venezia ITA"]
[Date "2009.11.01"]
[Round "5"]
[White "Omeri, Silvan"]
[Black "Vianello, Enrico"]
[Result "1/2-1/2"]
[WhiteElo "2113"]
[BlackElo "2200"]
[PlyCount "62"]
[EventDate "2009.10.30"]

1. e4 d6 2. d4 Nf6 3. Bd3 e5 4. d5 c6 5. c4 Be7 6. Nc3 O-O 7. Nge2 Nfd7 8. b4
c5 9. b5 g6 10. Bh6 Re8 11. Qd2 Kh8 12. h4 Nf6 13. f3 Ng8 14. Be3 Nd7 15. h5 g5
16. h6 Nf8 17. Rh5 f6 18. O-O-O a6 19. a4 axb5 20. cxb5 Nd7 21. g3 Nb6 22. Qa2
Bf8 23. Rg1 Qe7 24. f4 Bg4 25. Rh2 Bxh6 26. Rgh1 Qf8 27. fxg5 fxg5 28. a5 Re7
29. Rxh6 Nxh6 30. Bxg5 Ng8 31. Bxe7 Qxe7 1/2-1/2

[Event "Autunno Scacchistico A"]
[Site "Venezia ITA"]
[Date "2009.11.01"]
[Round "5"]
[White "Pagnutti, Lorenzo"]
[Black "Barletta, Mauro"]
[Result "1-0"]
[WhiteElo "2107"]
[BlackElo "2212"]
[PlyCount "129"]
[EventDate "2009.10.30"]

1. e4 d5 2. exd5 Nf6 3. Bb5+ Bd7 4. Bc4 b5 5. Bb3 a5 6. a3 Bc8 7. Nc3 Ba6 8. d3
Nbd7 9. Be3 g6 10. Nge2 Bg7 11. Nd4 Nc5 12. Ba2 O-O 13. Ndxb5 Ncd7 14. Bf4 Rc8
15. Na7 Nb6 16. Nxc8 Bxc8 17. Be5 Bh6 18. Bxf6 exf6 19. O-O f5 20. Qf3 Nd7 21.
Rfe1 Qf6 22. Qe2 g5 23. Rab1 g4 24. Nb5 Qb6 25. c4 Bg5 26. b4 axb4 27. Rxb4 Qh6
28. Rbb1 Nf6 29. g3 Ne8 30. Nd4 f4 31. Nc6 Bd7 32. Rb8 f3 33. Qf1 Bxc6 34. dxc6
Qxc6 35. d4 Ng7 36. Reb1 Nf5 37. Qd3 Qf6 38. Rxf8+ Kxf8 39. Rb8+ Kg7 40. Rb5
Ne7 41. Bb1 Ng6 42. Qe4 h5 43. a4 Bh6 44. a5 Qd6 45. c5 Qa6 46. Bd3 c6 47. Rb6
Qxa5 48. Rxc6 Qa1+ 49. Bf1 Bg5 50. Rc7 Bf6 51. Qe8 Bxd4 52. Rxf7+ Kh6 53. Rd7
Bxc5 54. Rd2 Qc1 55. Ra2 Qb1 56. Qe6 Bd4 57. Qc4 Qd1 58. Qa6 Bc5 59. Qa5 Bd4
60. Qb4 Be5 61. Ra6 Qc2 62. Re6 Bc7 63. Qe1 Kg7 64. Bb5 Nf8 65. Rc6 1-0

[Event "Autunno Scacchistico A"]
[Site "Venezia ITA"]
[Date "2009.11.01"]
[Round "5"]
[White "Pechy, Alaster"]
[Black "Bianchi, Andrea"]
[Result "1-0"]
[WhiteElo "2186"]
[BlackElo "2152"]
[PlyCount "109"]
[EventDate "2009.10.30"]

1. d4 d5 2. c4 e6 3. Nc3 Be7 4. Nf3 Nf6 5. Bg5 h6 6. Bh4 O-O 7. e3 b6 8. cxd5
Nxd5 9. Bxe7 Qxe7 10. Nxd5 exd5 11. Bd3 c5 12. b3 Bb7 13. O-O Nd7 14. Rc1 Nf6
15. Qe2 Rac8 16. Rfd1 Rc7 17. Qb2 Re8 18. Qa3 Bc8 19. h3 Be6 20. dxc5 bxc5 21.
Rc2 Rb8 22. Rdc1 Nd7 23. Nd4 Ne5 24. Nxe6 Qxe6 25. Be2 Nd7 26. Bg4 f5 27. Bf3
Rb6 28. Qa5 Rbc6 29. b4 Ne5 30. b5 Nxf3+ 31. gxf3 Rb6 32. Rxc5 Rxc5 33. Rxc5 f4
34. Qd2 fxe3 35. Qxe3 Qg6+ 36. Kh2 Re6 37. Rc8+ Kh7 38. Qd2 d4 39. Rc6 Rd6 40.
Rxd6 Qxd6+ 41. f4 d3 42. a4 Qd4 43. Kg3 Kg6 44. h4 Kf5 45. h5 Qc4 46. Qe3 Qd5
47. Qe8 Qd6 48. Qf7+ Ke4 49. Qc4+ Kf5 50. Kf3 Kf6 51. Qc6 Ke6 52. Ke3 Qxc6 53.
bxc6 Kd6 54. Kxd3 Kxc6 55. Ke4 1-0

[Event "Autunno Scacchistico A"]
[Site "Venezia ITA"]
[Date "2009.11.01"]
[Round "5"]
[White "Quaranta, Cristiano"]
[Black "Giuriati, Paolo"]
[Result "0-1"]
[WhiteElo "2127"]
[BlackElo "2224"]
[PlyCount "68"]
[EventDate "2009.10.30"]

1. Nf3 Nf6 2. c4 e6 3. Nc3 d5 4. d4 c6 5. e3 Nbd7 6. Qc2 Be7 7. b3 O-O 8. Bd3
Re8 9. Ne5 Nf8 10. O-O N6d7 11. f4 f6 12. Nf3 b6 13. Bb2 Bb7 14. Rad1 Bd6 15.
Qf2 Qe7 16. Ne2 a5 17. e4 dxe4 18. Bxe4 a4 19. g3 Ra7 20. Rfe1 axb3 21. axb3
Ba3 22. Nc3 Qb4 23. Qc2 Rea8 24. d5 cxd5 25. cxd5 Bxb2 26. Qxb2 Nc5 27. Bc2
exd5 28. Rd4 Qa3 29. Qb1 Nce6 30. Bxh7+ Kh8 31. Rd3 Qc5+ 32. Kf1 Ra1 33. Qc2
R1a2 34. Rxd5 Bxd5 0-1

[Event "Autunno Scacchistico A"]
[Site "Venezia ITA"]
[Date "2009.11.01"]
[Round "5"]
[White "Redo, Giorgio"]
[Black "Ceccarini, Marco"]
[Result "1-0"]
[WhiteElo "2126"]
[BlackElo "2087"]
[PlyCount "81"]
[EventDate "2009.10.30"]

1. f4 g6 2. Nf3 Bg7 3. e3 f5 4. Be2 Nf6 5. O-O O-O 6. b3 Ne4 7. c3 b6 8. Bb2
Bb7 9. d3 Nf6 10. c4 d6 11. h3 e6 12. Nd4 Qd7 13. Bf3 c6 14. Nd2 d5 15. Qe2 c5
16. Nc2 Nc6 17. Rad1 Rfe8 18. g4 e5 19. g5 Nh5 20. Bxd5+ Kh8 21. Qg2 exf4 22.
Bxg7+ Kxg7 23. exf4 Re7 24. Qf2 Nd4 25. Nxd4 Bxd5 26. cxd5 cxd4 27. Qxd4+ Kg8
28. Rde1 Rae8 29. Kf2 Qd6 30. Rxe7 Qxe7 31. Kg2 Qd6 32. Nc4 Re2+ 33. Kf3 Qe7
34. d6 Qb7+ 35. Kxe2 Ng3+ 36. Kf2 Nh1+ 37. Ke1 Qg2 38. d7 Qg3+ 39. Kd1 Nf2+ 40.
Rxf2 Qg1+ 41. Ke2 1-0

[Event "Autunno Scacchistico A"]
[Site "Venezia ITA"]
[Date "2009.11.01"]
[Round "5"]
[White "Sanchez, Joseph"]
[Black "Dragojlovic, Andjelko"]
[Result "1-0"]
[WhiteElo "2463"]
[BlackElo "2402"]
[PlyCount "67"]
[EventDate "2009.10.30"]

1. e4 c5 2. Nf3 g6 3. c3 Bg7 4. d4 cxd4 5. cxd4 d5 6. e5 Nc6 7. Bb5 Qb6 8. Nc3
e6 9. h4 Bd7 10. Be2 h5 11. O-O Nge7 12. Na4 Qc7 13. Bg5 Nf5 14. Rc1 O-O 15.
Nc5 f6 16. Bf4 fxe5 17. Bxe5 Nxe5 18. dxe5 Rac8 19. Rc3 Qd8 20. Bd3 b6 21. Nxd7
Qxd7 22. Rxc8 Qxc8 23. Qe2 Qc5 24. Bxf5 Rxf5 25. Re1 d4 26. Qd3 Qd5 27. Re2
Qxa2 28. Qxd4 Bf8 29. Qe3 Qa4 30. Rd2 Rf4 31. g3 Rf5 32. Rd8 Qa1+ 33. Kg2 Qxb2
34. Qh6 1-0

[Event "Autunno Scacchistico A"]
[Site "Venezia ITA"]
[Date "2009.11.01"]
[Round "5"]
[White "Sgnaolin, Davide"]
[Black "Gromovs, Sergejs"]
[Result "0-1"]
[WhiteElo "2213"]
[BlackElo "2268"]
[PlyCount "96"]
[EventDate "2009.10.30"]

1. e4 c5 2. c3 Nf6 3. e5 Nd5 4. d4 cxd4 5. Nf3 d6 6. cxd4 Nc6 7. Bc4 Nb6 8. Bb5
a6 9. Bxc6+ bxc6 10. Nc3 Bg4 11. Qe2 e6 12. O-O d5 13. h3 Bh5 14. g4 Bg6 15.
Bg5 Be7 16. Bxe7 Qxe7 17. Rac1 O-O 18. Nd1 Rfc8 19. Ne3 Nd7 20. Rc3 c5 21. Rfc1
c4 22. b3 Bd3 23. Qd1 Nb6 24. Nd2 Qb4 25. Kh2 h6 26. bxc4 dxc4 27. Qf3 Na4 28.
Nexc4 Nxc3 29. Qxd3 Nd5 30. Rb1 Qa4 31. Rb7 Qc6 32. Nd6 Rc7 33. Rb3 Qc2 34.
Qxc2 Rxc2 35. N2e4 Rxf2+ 36. Kg3 Rxa2 37. Rf3 Ra7 38. g5 hxg5 39. Nxg5 Rb2 40.
Ndxf7 a5 41. Nd6 a4 42. Nxe6 a3 43. Rf8+ Kh7 44. Kg4 a2 45. Ng5+ Kg6 46. Nf3
Rb3 47. e6 a1=Q 48. Ne5+ Kh7 0-1

[Event "Autunno Scacchistico A"]
[Site "Venezia ITA"]
[Date "2009.11.01"]
[Round "5"]
[White "Solinas, Carlo"]
[Black "Locci, Damiano"]
[Result "0-1"]
[WhiteElo "2045"]
[BlackElo "2136"]
[PlyCount "82"]
[EventDate "2009.10.30"]

1. e4 e6 2. d4 d5 3. Nc3 Bb4 4. e5 c5 5. a3 Bxc3+ 6. bxc3 Qc7 7. Bd2 b6 8. h4
Ba6 9. Bxa6 Nxa6 10. Qe2 Nb8 11. Nf3 Nd7 12. Bc1 Ne7 13. g4 Nc6 14. h5 O-O-O
15. h6 g6 16. Bg5 Rde8 17. Bh4 Rhf8 18. Bg3 Kb7 19. Ng5 cxd4 20. Nxh7 Rh8 21.
Nf6 Nxf6 22. exf6 e5 23. cxd4 Nxd4 24. Qd3 Qc6 25. g5 Nf5 26. Kf1 e4 27. Qb3 e3
28. Kg2 e2 29. Rae1 Re4 30. Qd3 d4 31. Qf3 b5 32. h7 Kb6 33. Rc1 Qe6 34. a4
e1=N+ 35. Rhxe1 Rxe1 36. a5+ Kc5 37. Qa3+ b4 38. Qa1 Qe4+ 39. f3 Re2+ 40. Bf2
Qe3 41. Rf1 Qxg5+ 0-1